000 00364 a2200157 4500
001 70954
020 _a
040 _cAnchieta - Itaigara
100 _aAshworth, Julie
240 1 0 _aGoldilocks and the three bears
_lIng
245 1 0 _aGoldilocks and the three bears
300 _a24
362 0 _a1992
650 4 _aLiteratura infantil em inglês
942 _cBK
999 _c70954
_d70954